[Event "Bremen Silvester op"]
[Site "Bremen"]
[Date "2021.12.28"]
[Round "4"]
[White "Koppe, Connor"]
[Black "Schroeder, Jan Hendrik"]
[Result "1/2-1/2"]
[WhiteElo "1672"]
[BlackElo "1390"]
[PlyCount "125"]
[EventDate "2021.12.21"]
[EventType "swiss"]
[EventRounds "7"]
[EventCountry "GER"]
[SourceTitle "CBM 205 Extra"]
[Source "ChessBase"]
[SourceDate "2022.01.31"]
[SourceVersion "1"]
[SourceVersionDate "2022.01.31"]
[SourceQuality "1"]

1. e4 c5 2. Nf3 d6 3. d4 cxd4 4. Qxd4 Nf6 5. Nc3 a6 6. Bc4 Nc6 7. Qd1 e6 8. Bg5 Be7 9. 0-0 0-0 10. Re1 h6 11. Bh4 b5 12. Bb3 Bb7 13. Qd2 Qc7 14. Rad1 Rfd8 15. a3 Na5 16. Nd4 Nxb3 17. cxb3 Nxe4 18. Nxe4 Bxh4 19. Nf3 Be7 20. Rc1 Qb6 21. Qf4 Rac8 22. Nc3 Bxf3 23. Qxf3 b4 24. Na4 Rxc1 25. Rxc1 Qb8 26. h3 bxa3 27. bxa3 Rc8 28. Rb1 d5 29. b4 Qc7 30. Qe3 Bd6 31. g3 Qc2 32. Qb3 Qxb3 33. Rxb3 Rb8 34. Kf1 Kf8 35. Ke2 Ke7 36. Nc3 Kd7 37. g4 Be5 38. Na4 Kd6 39. Ke3 Kc6 40. Kd3 a5 41. Nc3 axb4 42. axb4 Bxc3 43. Rxc3+ Kb6 44. Kd4 Rb7 45. Rc8 Kb5 46. Rg8 g6 47. Rh8 Kxb4 48. Rxh6 Rc7 49. Rh8 Rc4+ 50. Kd3 Rc3+ 51. Kd2 Rc5 52. Rb8+ Kc4 53. Rb7 f5 54. Rg7 fxg4 55. hxg4 d4 56. Rxg6 Re5 57. Rg8 Re4 58. g5 Rf4 59. Ke2 Rg4 60. g6 d3+ 61. Kd2 Kd4 62. g7 Ke5 63. f4+ 1/2-1/2

[Event "GER-ch U12"]
[Site "Willingen"]
[Date "2021.08.28"]
[Round "8"]
[White "Schroeder, Jan Hendrik"]
[Black "Bock, Leonas"]
[Result "0-1"]
[WhiteElo "1246"]
[BlackElo "1278"]
[PlyCount "38"]
[EventDate "2021.08.22"]
[EventType "swiss"]
[EventRounds "9"]
[EventCountry "GER"]
[SourceTitle "EXT 2022"]
[Source "ChessBase"]
[SourceDate "2021.10.06"]
[SourceVersion "1"]
[SourceVersionDate "2021.10.06"]
[SourceQuality "1"]

1. e4 c5 2. Nf3 Nc6 3. Bb5 e6 4. 0-0 Nge7 5. d3 a6 6. Bxc6 Nxc6 7. Nc3 d5 8. exd5 exd5 9. Bg5 f6 10. Re1+ Be7 11. Bf4 0-0 12. h3 b6 13. Nh2 Nd4 14. Ne2 Ne6 15. Bd2 Bd6 16. Nc3 d4 17. Ne4 Bc7 18. Qf3 Bb7 19. Qg4 f5 0-1

[Event "GER-ch U12"]
[Site "Willingen"]
[Date "2021.08.26"]
[Round "5"]
[White "Lehmann, Simon"]
[Black "Schroeder, Jan Hendrik"]
[Result "1-0"]
[WhiteElo "1484"]
[BlackElo "1246"]
[PlyCount "79"]
[EventDate "2021.08.22"]
[EventType "swiss"]
[EventRounds "9"]
[EventCountry "GER"]
[SourceTitle "EXT 2022"]
[Source "ChessBase"]
[SourceDate "2021.10.06"]
[SourceVersion "1"]
[SourceVersionDate "2021.10.06"]
[SourceQuality "1"]

1. d4 Nf6 2. Nf3 d5 3. Bf4 c5 4. e3 Nc6 5. c3 Qb6 6. Qb3 c4 7. Qxb6 axb6 8. Be2 Bf5 9. Nbd2 e6 10. 0-0 h6 11. Ne5 Nxe5 12. Bxe5 Be7 13. f3 Kd7 14. e4 Bh7 15. exd5 exd5 16. Rfe1 Rhe8 17. Bf1 Nh5 18. a3 f6 19. Bg3 Nxg3 20. hxg3 Bd6 21. Kf2 Rxe1 22. Rxe1 Re8 23. Rxe8 Kxe8 24. f4 Kd7 25. Be2 Kc6 26. Bf3 Bg8 27. Nxc4 Bc7 28. Ne3 b5 29. Nf5 Kb6 30. b4 g5 31. fxg5 hxg5 32. Ne7 Bf7 33. Bxd5 Bxd5 34. Nxd5+ Kc6 35. Nxc7 Kxc7 36. g4 Kc6 37. Ke3 Kd5 38. Kd3 Kd6 39. Ke4 Ke6 40. d5+ 1-0

[Event "GER-ch U12"]
[Site "Willingen"]
[Date "2020.10.27"]
[Round "1"]
[White "Schroeder, Jan Hendrik"]
[Black "Toth, Luca"]
[Result "0-1"]
[WhiteElo "1324"]
[BlackElo "1680"]
[PlyCount "90"]
[EventDate "2020.10.26"]
[EventType "swiss"]
[EventRounds "7"]
[EventCountry "GER"]
[SourceTitle "CBM 199 Extra"]
[Source "ChessBase"]
[SourceDate "2021.01.31"]
[SourceVersion "1"]
[SourceVersionDate "2021.01.31"]
[SourceQuality "1"]

1. e4 e5 2. d4 exd4 3. Nf3 Nc6 4. Bc4 Bc5 5. c3 d6 6. cxd4 Bb4+ 7. Nc3 Nf6 8. Bg5 h6 9. Bxf6 Qxf6 10. 0-0 Bxc3 11. bxc3 Bg4 12. Be2 Bxf3 13. Bxf3 0-0 14. Rb1 Rab8 15. Qd3 a6 16. a4 Qg6 17. Rb2 Rfe8 18. Rfb1 d5 19. Re2 Na5 20. Rbe1 Kf8 21. Qc2 dxe4 22. Rxe4 Rxe4 23. Rxe4 Nc4 24. Qe2 Nd6 25. Re5 Qb1+ 26. Qe1 Qa2 27. Qd1 Nc4 28. Rc5 Nb2 29. Qf1 c6 30. Bd1 Qa1 31. Bb3 Qa3 32. Bc2 Nxa4 33. Ra5 Qxc3 34. Rxa4 Qxc2 35. Ra1 Qc3 36. Qb1 Re8 37. h3 Qxd4 38. Ra2 Qc4 39. Rc2 Qe4 40. Qb2 Qe1+ 41. Kh2 Qe5+ 42. Qxe5 Rxe5 43. Rb2 Rb5 44. Rd2 a5 45. Ra2 b6 0-1

[Event "GER-ch U18 sf Berlin Online"]
[Site "Playchess.com INT"]
[Date "2020.05.01"]
[Round "6"]
[White "Schroeder, Jan Hendrik"]
[Black "Nezerka, Niklas"]
[Result "1-0"]
[WhiteElo "1533"]
[BlackElo "1620"]
[PlyCount "116"]
[EventDate "2020.05.01"]
[EventType "swiss (blitz)"]
[EventRounds "13"]
[EventCountry "GER"]
[SourceTitle "CBM 195 Extra"]
[Source "ChessBase"]
[SourceDate "2020.05.31"]
[SourceVersion "1"]
[SourceVersionDate "2020.05.31"]
[SourceQuality "1"]

1. e4 e5 2. d4 exd4 3. Nf3 Bc5 4. Bc4 Nf6 5. e5 Ne4 6. Qe2 Ng5 7. Bxg5 Be7 8. Bxe7 Qxe7 9. Nxd4 0-0 10. 0-0 d6 11. Nf3 Re8 12. Re1 Bg4 13. exd6 Qxe2 14. Rxe2 Rxe2 15. Bxe2 cxd6 16. h3 Bf5 17. Bd3 Bxd3 18. cxd3 Nd7 19. Nc3 a5 20. Re1 g6 21. a3 h5 22. b4 Kg7 23. bxa5 Rxa5 24. a4 Nc5 25. d4 Nxa4 26. Nxa4 Rxa4 27. Re7 b5 28. Rb7 Ra5 29. d5 Kf6 30. g4 hxg4 31. hxg4 b4 32. g5+ Kg7 33. Rxb4 Rxd5 34. Kg2 f6 35. Rb7+ Kf8 36. gxf6 Rf5 37. Rb8+ Kf7 38. Rb6 Rxf6 39. Ng5+ Ke7 40. Kg3 Kd7 41. f4 Kc7 42. Ra6 Kb7 43. Ra1 Kc6 44. Rc1+ Kd5 45. Rd1+ Kc5 46. Ne4+ Kc6 47. Nxf6 d5 48. Nxd5 Kd6 49. Nc7+ Ke7 50. Kg4 Kf6 51. Ne8+ Kf7 52. Kg5 Kxe8 53. Kxg6 Ke7 54. f5 Kf8 55. f6 Ke8 56. f7+ Ke7 57. Re1+ Kd7 58. f8Q Kc6 1-0

[Event "GER-ch Net Amateur Gr-C Final"]
[Site "Playchess.com INT"]
[Date "2020.04.18"]
[Round "7"]
[White "Schroeder, Jan Hendrik"]
[Black "Guntermann, Erik"]
[Result "0-1"]
[WhiteElo "1460"]
[BlackElo "1579"]
[PlyCount "94"]
[EventDate "2020.04.18"]
[EventType "swiss (blitz)"]
[EventRounds "13"]
[EventCountry "GER"]
[SourceTitle "CBM 195 Extra"]
[Source "ChessBase"]
[SourceDate "2020.05.31"]
[SourceVersion "1"]
[SourceVersionDate "2020.05.31"]
[SourceQuality "1"]

1. e4 c5 2. d4 cxd4 3. c3 dxc3 4. Nxc3 Nc6 5. Bc4 e6 6. Nf3 Nf6 7. 0-0 d5 8. exd5 exd5 9. Bxd5 Nxd5 10. Qxd5 Qxd5 11. Nxd5 Bd6 12. Re1+ Be6 13. Nc3 0-0 14. Be3 Rfe8 15. Rad1 Rad8 16. Nb5 Bb4 17. Rxd8 Rxd8 18. Ra1 Bxa2 19. h3 Be6 20. Bxa7 Nxa7 21. Rxa7 Rd1+ 22. Kh2 h6 23. Rxb7 Bc4 24. Nbd4 Bd6+ 25. g3 Bd5 26. Rd7 Bxf3 27. Nxf3 Bxg3+ 28. Kxg3 Rxd7 29. b3 Rb7 30. Nd4 Kf8 31. Kf3 Ke7 32. Ke4 g6 33. Kd5 Rd7+ 34. Kc5 f5 35. b4 Rc7+ 36. Nc6+ Kd7 37. b5 f4 38. Kd5 Rb7 39. Kc5 g5 40. Ne5+ Ke6 41. Kc6 Rxb5 42. Ng4 Rb2 43. Nxh6 Rxf2 44. Ng4 Rg2 45. Kc5 Rxg4 46. hxg4 f3 47. Kd4 f2 0-1

[Event "GER-ch Net Amateur Gr-C Final"]
[Site "Playchess.com INT"]
[Date "2020.04.18"]
[Round "1"]
[White "Schroeder, Jan Hendrik"]
[Black "Radeke, Timothy"]
[Result "1/2-1/2"]
[WhiteElo "1460"]
[BlackElo "1614"]
[PlyCount "111"]
[EventDate "2020.04.18"]
[EventType "swiss (blitz)"]
[EventRounds "13"]
[EventCountry "GER"]
[SourceTitle "CBM 195 Extra"]
[Source "ChessBase"]
[SourceDate "2020.05.31"]
[SourceVersion "1"]
[SourceVersionDate "2020.05.31"]
[SourceQuality "1"]

1. e4 c5 2. d4 cxd4 3. c3 dxc3 4. Nxc3 d6 5. Bc4 Nf6 6. Nf3 Nc6 7. 0-0 g6 8. Qe2 Bg7 9. Rd1 0-0 10. h3 a6 11. e5 Nd7 12. exd6 exd6 13. Rxd6 Qc7 14. Bf4 Nde5 15. Rdd1 Qe7 16. Nxe5 Nxe5 17. Re1 Re8 18. Bxe5 Qxe5 19. Qxe5 Rxe5 20. Rxe5 Bxe5 21. Re1 Bxc3 22. bxc3 Bf5 23. Re7 Rf8 24. Rxb7 Kg7 25. g4 Be6 26. Bxa6 Kf6 27. Rb2 Ra8 28. Be2 Rxa2 29. Rxa2 Bxa2 30. f4 h6 31. h4 Kg7 32. g5 hxg5 33. hxg5 f6 34. gxf6+ Kxf6 35. Bd3 Bf7 36. Kf2 g5 37. Ke3 gxf4+ 38. Kxf4 Ke6 39. Bc4+ Ke7 40. Bxf7 Kxf7 41. Ke5 Ke7 42. Kd5 Kd7 43. c4 Kc7 44. c5 Kb8 45. Kd6 Kc8 46. c6 Kd8 47. Kc5 Kc7 48. Kb5 Kc8 49. Kb6 Kb8 50. Kc5 Kc7 51. Kd5 Kc8 52. Ke6 Kc7 53. Kd5 Kc8 54. Kd6 Kd8 55. Ke6 Kc7 56. Kd5 1/2-1/2

[Event "GER-ch Net Amateur Gr-C Final"]
[Site "Playchess.com INT"]
[Date "2020.04.18"]
[Round "10"]
[White "Vaghef, Mohammad Reza"]
[Black "Schroeder, Jan Hendrik"]
[Result "0-1"]
[WhiteElo "1579"]
[BlackElo "1460"]
[PlyCount "30"]
[EventDate "2020.04.18"]
[EventType "swiss (blitz)"]
[EventRounds "13"]
[EventCountry "GER"]
[SourceTitle "CBM 195 Extra"]
[Source "ChessBase"]
[SourceDate "2020.05.31"]
[SourceVersion "1"]
[SourceVersionDate "2020.05.31"]
[SourceQuality "1"]

1. c4 c5 2. Nc3 Nc6 3. g3 g6 4. Bg2 Bg7 5. e4 d6 6. Nge2 Bg4 7. 0-0 Nd4 8. h3 Bxe2 9. Nxe2 Nxe2+ 10. Qxe2 Nf6 11. e5 dxe5 12. Qxe5 0-0 13. Qxc5 e6 14. Bxb7 Nd7 15. Qd4 Bxd4 0-1

[Event "GER-ch Net Amateur Gr-C Vor3"]
[Site "Playchess.com INT"]
[Date "2020.04.16"]
[Round "9"]
[White "Lang, Dirk"]
[Black "Schroeder, Jan Hendrik"]
[Result "0-1"]
[WhiteElo "1238"]
[BlackElo "1517"]
[PlyCount "66"]
[EventDate "2020.04.16"]
[EventType "swiss (blitz)"]
[EventRounds "9"]
[EventCountry "GER"]
[SourceTitle "CBM 195 Extra"]
[Source "ChessBase"]
[SourceDate "2020.05.31"]
[SourceVersion "1"]
[SourceVersionDate "2020.05.31"]
[SourceQuality "1"]

1. e4 c5 2. Nf3 d6 3. Bb5+ Nd7 4. 0-0 a6 5. Bxd7+ Bxd7 6. c3 Nf6 7. Re1 g6 8. d4 cxd4 9. cxd4 Bg7 10. Bg5 0-0 11. e5 dxe5 12. dxe5 Ne8 13. Nc3 h6 14. Be3 f6 15. exf6 Nxf6 16. Ne5 Kh7 17. Ne4 Nxe4 18. Qxd7 Bxe5 19. Qxb7 Nd6 20. Qb3 Rb8 21. Qa3 Bxb2 22. Qd3 Bxa1 23. Bc5 Bg7 24. Bxd6 Qxd6 25. Qxd6 exd6 26. f3 Bd4+ 27. Kf1 Rfe8 28. Rd1 Bc5 29. f4 Rf8 30. g4 Rxf4+ 31. Ke2 Re8+ 32. Kd3 Rd4+ 33. Kc2 Re2+ 0-1

[Event "GER-ch Net Amateur Gr-C Vor3"]
[Site "Playchess.com INT"]
[Date "2020.04.16"]
[Round "6"]
[White "Schroeder, Jan Hendrik"]
[Black "Heiligtag, Matthias"]
[Result "0-1"]
[WhiteElo "1517"]
[BlackElo "1648"]
[PlyCount "34"]
[EventDate "2020.04.16"]
[EventType "swiss (blitz)"]
[EventRounds "9"]
[EventCountry "GER"]
[SourceTitle "CBM 195 Extra"]
[Source "ChessBase"]
[SourceDate "2020.05.31"]
[SourceVersion "1"]
[SourceVersionDate "2020.05.31"]
[SourceQuality "1"]

1. e4 e5 2. d4 exd4 3. Nf3 Nc6 4. Bc4 h6 5. c3 dxc3 6. Nxc3 Bb4 7. Qb3 Bxc3+ 8. bxc3 Qe7 9. 0-0 Nf6 10. e5 Nxe5 11. Nxe5 Qxe5 12. Bxf7+ Kf8 13. Ba3+ d6 14. Rfe1 Qg5 15. c4 b6 16. Bb2 Bb7 17. Bxf6 Qxg2# 0-1

[Event "GER-ch Net Amateur Gr-C Vor3"]
[Site "Playchess.com INT"]
[Date "2020.04.16"]
[Round "5"]
[White "Weckerle, Anatol"]
[Black "Schroeder, Jan Hendrik"]
[Result "0-1"]
[WhiteElo "1396"]
[BlackElo "1517"]
[PlyCount "122"]
[EventDate "2020.04.16"]
[EventType "swiss (blitz)"]
[EventRounds "9"]
[EventCountry "GER"]
[SourceTitle "CBM 195 Extra"]
[Source "ChessBase"]
[SourceDate "2020.05.31"]
[SourceVersion "1"]
[SourceVersionDate "2020.05.31"]
[SourceQuality "1"]

1. c4 c5 2. Nc3 d6 3. g3 g6 4. Bg2 Bg7 5. e3 Nf6 6. Nge2 Nc6 7. 0-0 0-0 8. a3 Bg4 9. f3 Bd7 10. Rb1 a5 11. d4 cxd4 12. Nxd4 Nxd4 13. exd4 Bc6 14. d5 Bd7 15. Ne4 Nxe4 16. fxe4 Qb6+ 17. Kh1 e6 18. b4 exd5 19. cxd5 axb4 20. Rxb4 Qc5 21. Qe1 Bc3 22. Qe2 Bxb4 23. axb4 Qxb4 24. Bd2 Bb5 25. Bxb4 Bxe2 26. Re1 Ba6 27. Bxd6 Rfe8 28. Bc5 Rac8 29. Bg1 f5 30. e5 Rcd8 31. d6 Rxd6 32. Bc5 Rd2 33. e6 Re2 34. Rxe2 Bxe2 35. e7 Kf7 36. Bd5+ Kf6 37. Bxb7 Bb5 38. Bc6 Bxc6+ 39. Kg1 h6 40. Kf2 g5 41. Ke3 Ke5 42. h4 f4+ 43. gxf4+ gxf4+ 44. Kf2 Ke4 45. Bd6 f3 46. Bc5 h5 47. Bd6 Kd5 48. Bb4 Kc4 49. Ba3 Kd3 50. Bc5 Ke4 51. Bd6 Kf5 52. Bc5 Ke6 53. Bb4 Rxe7 54. Bxe7 Kxe7 55. Ke3 Kf6 56. Kf2 Kf5 57. Kg3 Ke5 58. Kf2 Kf4 59. Kg1 Kg3 60. Kf1 f2 61. Ke2 Bb5+ 0-1

[Event "GER-ch Net Amateur Gr-C Vor2"]
[Site "Playchess.com INT"]
[Date "2020.04.15"]
[Round "3"]
[White "Trube, Ted"]
[Black "Schroeder, Jan Hendrik"]
[Result "1/2-1/2"]
[WhiteElo "1560"]
[BlackElo "1598"]
[PlyCount "199"]
[EventDate "2020.04.15"]
[EventType "swiss (blitz)"]
[EventRounds "9"]
[EventCountry "GER"]
[SourceTitle "CBM 196 Extra"]
[Source "ChessBase"]
[SourceDate "2020.07.31"]
[SourceVersion "1"]
[SourceVersionDate "2020.07.31"]
[SourceQuality "1"]

1. e4 c5 2. Nf3 d6 3. Nc3 g6 4. Bc4 Bg7 5. d3 Bg4 6. Bf4 Nc6 7. h3 Bxf3 8. Qxf3 Nf6 9. Bg5 h6 10. Bh4 0-0 11. 0-0-0 Nd4 12. Qf4 g5 13. Bxg5 hxg5 14. Qxg5 a6 15. Nd5 Nxd5 16. Bxd5 Rb8 17. c3 Ne2+ 18. Kd2 e6 19. Qxd8 Rfxd8 20. Bc4 d5 21. exd5 exd5 22. Bb3 c4 23. Ba4 cxd3 24. Kxd3 Nf4+ 25. Ke3 Nxg2+ 26. Kf3 Nh4+ 27. Kg4 Ng6 28. Rhg1 b5 29. Bc2 Rf8 30. Kf3 a5 31. h4 Nxh4+ 32. Kg3 Ng6 33. Kh3 b4 34. cxb4 axb4 35. Rxd5 Bxb2 36. Bxg6 fxg6 37. Rxg6+ Kf7 38. Rc6 Rh8+ 39. Kg3 Rbg8+ 40. Kf3 Rh3+ 41. Ke4 Rg4+ 42. Kf5 Rh5+ 43. Kxg4 Rxd5 44. Rc7+ Ke6 45. Rc6+ Ke5 46. Rb6 Bc3 47. Kf3 Rd3+ 48. Ke2 Kd4 49. Rd6+ Kc4 50. Rxd3 b3 51. axb3+ Kxb3 52. f4 Kc4 53. Rf3 Kd4 54. f5 Kc4 55. f6 Bxf6 56. Rxf6 Kd4 57. Re6 Kd5 58. Re8 Kd6 59. Ke3 Kd7 60. Re4 Kd6 61. Kd4 Kc6 62. Re5 Kd6 63. Ke4 Kc6 64. Kf5 Kd6 65. Kf6 Kd7 66. Re6 Kc7 67. Kf7 Kd7 68. Re7+ Kd6 69. Re4 Kd5 70. Re2 Kd4 71. Ke6 Kd3 72. Re5 Kd4 73. Ra5 Kc4 74. Ke5 Kb4 75. Rd5 Kc4 76. Ke4 Kc3 77. Rc5+ Kb4 78. Kd4 Kb3 79. Rb5+ Kc2 80. Kc4 Kd2 81. Rb3 Kc2 82. Kb4 Kd2 83. Kc4 Kc2 84. Rh3 Kd2 85. Kd4 Kc2 86. Kc4 Kd2 87. Rg3 Ke2 88. Kd4 Kf2 89. Rd3 Ke2 90. Ke4 Kf2 91. Rd2+ Kg3 92. Re2 Kg4 93. Rg2+ Kh3 94. Rg8 Kh4 95. Kf4 Kh5 96. Kf5 Kh4 97. Rg6 Kh5 98. Rg8 Kh4 99. Kf4 Kh5 100. Kf5 1/2-1/2

[Event "GER-ch Net Amateur Gr-C Vor1"]
[Site "Playchess.com INT"]
[Date "2020.04.14"]
[Round "8"]
[White "Radeke, Timothy"]
[Black "Schroeder, Jan Hendrik"]
[Result "1-0"]
[WhiteElo "1566"]
[BlackElo "1616"]
[PlyCount "81"]
[EventDate "2020.04.14"]
[EventType "swiss (blitz)"]
[EventRounds "9"]
[EventCountry "GER"]
[SourceTitle "CBM 196 Extra"]
[Source "ChessBase"]
[SourceDate "2020.07.31"]
[SourceVersion "1"]
[SourceVersionDate "2020.07.31"]
[SourceQuality "1"]

1. d4 g6 2. c4 Bg7 3. Nc3 d6 4. Nf3 Nf6 5. e4 Bg4 6. Be2 0-0 7. 0-0 Nbd7 8. Bg5 h6 9. Bh4 c5 10. d5 Qb6 11. Rb1 Bxf3 12. Bxf3 Ne5 13. b3 Qb4 14. Nb5 Nxf3+ 15. Qxf3 a6 16. Nc3 Ng4 17. Qxg4 Qxc3 18. Bxe7 Rfe8 19. Bxd6 Qb4 20. Rfe1 Rad8 21. e5 Rxd6 22. e6 fxe6 23. dxe6 Qd2 24. Rbd1 Qxd1 25. Rxd1 Rdxe6 26. g3 Re1+ 27. Rxe1 Rxe1+ 28. Kg2 Re8 29. Qxg6 Rf8 30. Qb6 Rf7 31. Qxc5 Kh7 32. Qd5 Rf6 33. Qxb7 Re6 34. Qd7 Re2 35. a3 Ra2 36. a4 Rb2 37. Qa7 Rxb3 38. Qxa6 Rb2 39. c5 Rc2 40. c6 Bd4 41. Qd3+ 1-0

[Event "GER-ch Net Amateur Gr-C Vor1"]
[Site "Playchess.com INT"]
[Date "2020.04.14"]
[Round "6"]
[White "Schell, Andreas"]
[Black "Schroeder, Jan Hendrik"]
[Result "0-1"]
[WhiteElo "1620"]
[BlackElo "1629"]
[PlyCount "100"]
[EventDate "2020.04.14"]
[EventType "swiss (blitz)"]
[EventRounds "9"]
[EventCountry "GER"]
[SourceTitle "CBM 196 Extra"]
[Source "ChessBase"]
[SourceDate "2020.07.31"]
[SourceVersion "1"]
[SourceVersionDate "2020.07.31"]
[SourceQuality "1"]

1. d4 g6 2. g3 Bg7 3. Bg2 Nf6 4. e3 d6 5. Ne2 Bg4 6. 0-0 0-0 7. Bxb7 Bxe2 8. Qxe2 Nbd7 9. Bxa8 Qxa8 10. Nc3 e6 11. b3 d5 12. Bb2 e5 13. Nb5 Qb7 14. dxe5 Ne8 15. Bd4 Nxe5 16. Rac1 c5 17. f4 cxd4 18. Nxd4 Nc6 19. c4 Nxd4 20. exd4 Bxd4+ 21. Rf2 Bxf2+ 22. Qxf2 dxc4 23. Rxc4 Nd6 24. Ra4 a6 25. Qd4 Nb5 26. Qb4 Rc8 27. Qd2 Qb6+ 28. Kf1 Rc3 29. Rc4 Rf3+ 30. Ke1 Qg1+ 31. Ke2 Qf2+ 32. Kd1 Qf1+ 33. Kc2 Rf2 34. Rc8+ Kg7 35. Qxf2 Qxf2+ 36. Kd3 Qxh2 37. Rc6 Qxg3+ 38. Kc4 Qxf4+ 39. Kc5 Qf2+ 40. Kb4 Qd4+ 41. Ka5 h5 42. Kxa6 Nc3 43. Rc4 Qd2 44. Kb6 h4 45. a4 h3 46. a5 h2 47. a6 h1Q 48. a7 Qd6+ 49. Ka5 Qhd5+ 50. Rc5 Q5xc5# 0-1

[Event "Harburg-chF 14t"]
[Site "Hamburg"]
[Date "2019.07.28"]
[Round "5.3"]
[White "Lohmann, Tristan"]
[Black "Schroeder, Jan Hendrik"]
[Result "0-1"]
[WhiteElo "1097"]
[BlackElo "1033"]
[PlyCount "146"]
[EventDate "2019.07.26"]
[EventType "swiss"]
[EventRounds "5"]
[EventCountry "GER"]
[SourceTitle "EXT 2020"]
[Source "ChessBase"]
[SourceDate "2019.10.17"]
[SourceVersion "1"]
[SourceVersionDate "2019.10.17"]
[SourceQuality "1"]

1. e4 g6 2. Nf3 Bg7 3. Nc3 c6 4. Be2 d5 5. exd5 cxd5 6. d3 Nf6 7. Be3 Nc6 8. 0-0 d4 9. Bxd4 Nxd4 10. Nxd4 Qxd4 11. Bf3 Bg4 12. Re1 Bxf3 13. Qxf3 Qd8 14. Qxb7 0-0 15. Qxe7 Qxe7 16. Rxe7 Rab8 17. Rb1 Rbd8 18. Nb5 a6 19. Nc3 Rfe8 20. Rxe8+ Nxe8 21. g3 Rb8 22. Nd1 a5 23. Ne3 Rxb2 24. Rxb2 Bxb2 25. Nc4 Bc3 26. Kf1 Kf8 27. Ke2 Ke7 28. Nb6 Kd6 29. Na4 Bb4 30. c3 Ba3 31. Nb6 Kc6 32. Nc4 Bf8 33. Nxa5+ Kb5 34. Nb3 Ka4 35. Nc1 Ba3 36. Kd2 Nf6 37. Ne2 Ng4 38. f3 Nxh2 39. Ng1 Nf1+ 40. Ke2 Nxg3+ 41. Ke3 Bc5+ 42. d4 Nf5+ 43. Ke4 Ba3 44. Ke5 Bb2 45. Kf6 Bxc3 46. Kxf7 Bxd4 47. Kg8 Bxg1 48. Kxh7 g5 49. Kg6 Be3 50. Kxf5 Bf4 51. Kg4 Ka3 52. Kh3 Kxa2 53. Kg2 Kb3 54. Kf1 Kc3 55. Ke2 Kd4 56. Kf2 Bc1 57. Ke2 Ke5 58. Kf2 Kf4 59. Kg2 Ke3 60. Kg3 Ke2 61. Kg2 Bf4 62. Kg1 Kxf3 63. Kh1 Be3 64. Kh2 Kf2 65. Kh3 Kg1 66. Kg3 Kh1 67. Kh3 Bf4 68. Kg4 Kh2 69. Kf3 Kh3 70. Kf2 g4 71. Kg1 g3 72. Kh1 g2+ 73. Kg1 Bh2+ 0-1

[Event "Harburg-chF 14t"]
[Site "Hamburg"]
[Date "2019.07.28"]
[Round "4.3"]
[White "Schroeder, Jan Hendrik"]
[Black "Lohmann, Marten"]
[Result "0-1"]
[WhiteElo "1033"]
[BlackElo "1154"]
[PlyCount "114"]
[EventDate "2019.07.26"]
[EventType "swiss"]
[EventRounds "5"]
[EventCountry "GER"]
[SourceTitle "EXT 2020"]
[Source "ChessBase"]
[SourceDate "2019.10.17"]
[SourceVersion "1"]
[SourceVersionDate "2019.10.17"]
[SourceQuality "1"]

1. e4 e5 2. f4 Nc6 3. Bc4 Nf6 4. Nc3 Bb4 5. Nge2 d6 6. d3 Be6 7. Bb3 Qe7 8. f5 Bxb3 9. axb3 Nd4 10. Bd2 Bc5 11. Nxd4 Bxd4 12. Ra2 Qd7 13. Nd5 Nxd5 14. exd5 Qxf5 15. Qf3 Qxf3 16. gxf3 0-0 17. Bc3 Bb6 18. h4 h5 19. Rh2 f6 20. Ke2 Kh7 21. Rh1 Rg8 22. Rha1 g5 23. hxg5 fxg5 24. Ba5 Bxa5 25. Rxa5 a6 26. Rh1 Kh6 27. Raa1 g4 28. fxg4 Rxg4 29. Raf1 Rag8 30. Rf6+ R4g6 31. Rff1 Rg2+ 32. Kd1 Kg6 33. Rfg1 Rxg1+ 34. Rxg1+ Kh7 35. Rh1 Kh6 36. Ke1 Rg4 37. c4 h4 38. Kf2 Kg5 39. Rh3 Rf4+ 40. Kg2 Kf5 41. Kg1 e4 42. Kg2 Rg4+ 43. Kf2 Rf4+ 44. Ke2 Kg4 45. Re3 exd3+ 46. Kxd3 Rf3 47. Ke4 Rxe3+ 48. Kxe3 Kg3 49. Ke4 h3 50. Kf5 h2 51. Ke6 h1Q 52. Kd7 Qh7+ 53. Kc8 c5 54. Kb8 b6 55. b4 cxb4 56. c5 bxc5 57. b3 a5 0-1

[Event "Harburg-chI 13th"]
[Site "Hamburg"]
[Date "2018.08.05"]
[Round "5"]
[White "Rehbein, Vitus"]
[Black "Schroeder, Jan Hendrik"]
[Result "1-0"]
[WhiteElo "970"]
[BlackElo "921"]
[PlyCount "113"]
[EventDate "2018.08.03"]
[EventType "swiss"]
[EventRounds "5"]
[EventCountry "GER"]
[SourceTitle "EXT 2019"]
[Source "ChessBase"]
[SourceDate "2018.10.10"]
[SourceVersion "1"]
[SourceVersionDate "2018.10.10"]
[SourceQuality "1"]

1. e4 c6 2. Nc3 d5 3. Nf3 Bg4 4. h3 Bxf3 5. Qxf3 e6 6. Be2 Nd7 7. d3 Ngf6 8. Bg5 g6 9. d4 dxe4 10. Nxe4 Be7 11. Nxf6+ Nxf6 12. Bxf6 Bxf6 13. c3 0-0 14. Qg3 Bg7 15. h4 h5 16. Qf4 Qf6 17. Qe3 e5 18. 0-0-0 exd4 19. Qxd4 Bh6+ 20. Kc2 Qxd4 21. Rxd4 Rfe8 22. Bf3 Bg7 23. Rd7 Rab8 24. g4 hxg4 25. Bxg4 Re4 26. Bd1 Rf4 27. Rh2 Bf6 28. h5 Bh4 29. hxg6 Rxf2+ 30. Rxf2 Bxf2 31. Rxf7 Rf8 32. Rxb7 Rf6 33. g7 Rg6 34. Bf3 Rxg7 35. Rxg7+ Kxg7 36. Bxc6 Kf7 37. Kd3 Ke7 38. Kc4 a6 39. Bb7 a5 40. Kb5 Be3 41. Kxa5 Bc1 42. b4 Bb2 43. c4 Kd7 44. c5 Kc7 45. c6 Bc3 46. Kb5 Bd2 47. a4 Bxb4 48. Kxb4 Kb6 49. Kc4 Ka5 50. Kd5 Kxa4 51. c7 Ka5 52. c8Q Kb6 53. Qc5+ Kxb7 54. Qc6+ Kb8 55. Qd7 Ka8 56. Kc6 Kb8 57. Qb7# 1-0

[Event "Harburg-chI 13th"]
[Site "Hamburg"]
[Date "2018.08.04"]
[Round "3"]
[White "Schroeder, Jan Hendrik"]
[Black "Lohmann, Marten"]
[Result "0-1"]
[WhiteElo "921"]
[BlackElo "1134"]
[PlyCount "82"]
[EventDate "2018.08.03"]
[EventType "swiss"]
[EventRounds "5"]
[EventCountry "GER"]
[SourceTitle "EXT 2019"]
[Source "ChessBase"]
[SourceDate "2018.10.10"]
[SourceVersion "1"]
[SourceVersionDate "2018.10.10"]
[SourceQuality "1"]

1. d4 Nf6 2. Bf4 d5 3. e3 Nc6 4. h3 Bf5 5. c3 e6 6. Nd2 Bd6 7. Bxd6 cxd6 8. Be2 Qd7 9. Qb3 0-0 10. Ngf3 e5 11. 0-0 e4 12. Nh2 Rab8 13. Bb5 h6 14. Bxc6 Qxc6 15. c4 dxc4 16. Qxc4 Qd7 17. Qc3 d5 18. Qa3 a6 19. Nb3 h5 20. Na5 Bg6 21. Rac1 Rfc8 22. Rxc8+ Rxc8 23. Qb3 Rc7 24. f3 exf3 25. Rxf3 Ne4 26. Rf2 Nxf2 27. Kxf2 Qf5+ 28. Nf3 Rc2+ 29. Kf1 Rc1+ 30. Kf2 Rc2+ 31. Kf1 Qd3+ 32. Qxd3 Bxd3+ 33. Ke1 Rxb2 34. Ne5 Rxa2 35. Nxd3 Rxa5 36. Nc5 b5 37. Kd2 Ra3 38. Kc2 a5 39. Kb2 Rxe3 40. g4 hxg4 41. hxg4 g6 0-1